La distribución de las competencias económicas entre el poder central y las autonomías territoriales en el derecho comparado y en la Constitución española / (Record no. 69565)

MARC details
000 -LEADER
campo de control de longitud fija 01054nam a2200253 i 4500
001 - NÚMERO DE CONTROL
campo de control 69565
003 - IDENTIFICADOR DE NÚMERO DE CONTROL
campo de control ES-MaACL
005 - FECHA Y HORA DE LA ÚLTIMA TRANSACCIÓN
campo de control 20250826051033.0
007 - CAMPO FIJO DE DESCRIPCIÓN FÍSICA--INFORMACIÓN GENERAL
campo de control de longitud fija t|
008 - DATOS DE LONGITUD FIJA--INFORMACIÓN GENERAL
campo de control de longitud fija 040707s1980 sp |||| | spa d
245 03 - MENCIÓN DEL TÍTULO
Título La distribución de las competencias económicas entre el poder central y las autonomías territoriales en el derecho comparado y en la Constitución española /
Mención de responsabilidad, etc. Eduardo García de Enterría ... [et al.].
260 ## - PUBLICACIÓN, DISTRIBUCIÓN, ETC.
Lugar de publicación, distribución, etc. Madrid :
Nombre del editor, distribuidor, etc. Instituto de Estudios Económicos,
Fecha de publicación, distribución, etc. [1980]
300 ## - DESCRIPCIÓN FÍSICA
Extensión 493 p. ;
Dimensiones 24 cm.
490 1# - MENCIÓN DE SERIE
Mención de serie Colección estudios
650 #4 - PUNTO DE ACCESO ADICIONAL DE MATERIA--TÉRMINO DE MATERIA
Término de materia o nombre geográfico como elemento de entrada Relaciones administración central-administraciones regionales-
Subdivisión geográfica España.
9 (RLIN) 168598
650 #7 - PUNTO DE ACCESO ADICIONAL DE MATERIA--TÉRMINO DE MATERIA
Término de materia o nombre geográfico como elemento de entrada Hacienda autonómica
Fuente del encabezamiento o término embne
9 (RLIN) 13276
651 #4 - PUNTO DE ACCESO ADICIONAL DE MATERIA--NOMBRE GEOGRÁFICO
Nombre geográfico España-
Subdivisión general Comunidades autónomas-
-- Política económica.
9 (RLIN) 169263
700 1# - ENTRADA AGREGADA--NOMBRE PERSONAL
Nombre de persona García de Enterría, Eduardo.
9 (RLIN) 54425
710 2# - ENTRADA AGREGADA--NOMBRE DE ENTIDAD CORPORATIVA
Nombre de entidad corporativa o nombre de jurisdicción como elemento de entrada Instituto de Estudios Económicos (Madrid)
9 (RLIN) 4899
830 0# - PUNTO DE ACCESO ADICIONAL DE SERIE-TÍTULO UNIFORME
Título uniforme Colección estudios
9 (RLIN) 178843
852 ## - LOCALIZACIÓN
Ubicación ES-MaACL
Número de control de estantería L-300
852 ## - LOCALIZACIÓN
Ubicación ES-MaACL
Número de control de estantería G-4663
Holdings
Estatus retirado Estado de pérdida Estado de daño No para préstamo Biblioteca de origen Biblioteca actual Ubicación en estantería Fecha de adquisición Fuente de adquisición Total de préstamos Signatura topográfica completa Código de barras Visto por última vez Precio de reemplazo Tipo de ítem Koha
        Biblioteca del Ateneo de Madrid Biblioteca del Ateneo de Madrid Depósito 2 17/01/2008     L-300 1072845 23/02/2023 23/02/2023 Libro impreso
        Biblioteca del Ateneo de Madrid Biblioteca del Ateneo de Madrid Depósito 2 26/12/2019     G-4663 1201449 23/02/2023 23/02/2023 Libro impreso